• 首页
  • 本馆介绍
  • 公告通知
  • 最新文献
  • 馆藏检索
  • 电子资源
  • 读者导购
  • 参考咨询
  • 我的图书馆
  • 登录
  • 详细信息显示
  • 放入我的书架
  • 预约/预借图书
  • 作者相关作品
  • 分类相关作品
  • 丛书相关作品
  • 出版社相关作品

书目信息

  • 表格格式
  • 工作单格式
  • 卡片格式
题名:
一定要把胜利的旗帜插到台湾
    
 
作者: 王军 , 王军原 原词 ;晓河 , 姚牧 , 集体 曲
分册:  
出版信息: 北京   人民音乐出版社  1978
页数: 3页
开本: 26cm
丛书名:
单 册:
中图分类: J642.53
科图分类:
主题词: 合唱-歌曲--中国--现代 , 歌曲-合唱--中国--现代
电子资源:
ISBN:
000 00857nam0 2200277 45
001 0178006074
005 20060529163008.89
010    @dCNY0.09
091    @a8026.3385
100    @a19951207d1978 em y0chiy0121 ea
101 0  @achi
102    @aCN@b110000
105    @ag z 000yy
200 10 @a一定要把胜利的旗帜插到台湾@Ayi ding yao ba sheng li de qi zhi cha dao tai wan@e齐唱合唱 钢琴伴奏@f王军原词@Fwang jun yuan ci@g集体改词@g晓河曲@g姚牧配伴奏
210    @a北京@c人民音乐出版社@d1978
215    @a3页@d26cm
606    @a合唱-歌曲@y中国@z现代
606    @a歌曲-合唱@y中国@z现代
690    @aJ642.53@v3
701  0 @a王军@Awang jun@4原词
701  0 @a王军原@Awang jun yuan@4词
702  0 @a晓河@Axiao he@4曲
702  0 @a姚牧@Ayao mu@4配伴奏
702  0 @a集体@Aji ti@4改词
801  0 @aCN@bTSSF@c20060529
905    @a10447@dJ642.53@e166
    
    一定要把胜利的旗帜插到台湾:齐唱合唱 钢琴伴奏/王军原词/集体改词/晓河曲/姚牧配伴奏.-北京:人民音乐出版社,1978
    3页;26cm
    
    
    ISBN :CNY0.09
    
●
相关链接 在E读中查询图书 在五车中查询图书 在当当中查询图书 在豆瓣中查询图书


正题名:一定要把胜利的旗帜插到台湾     索取号:J642.53/166         预约/预借

序号 登录号 条形码 馆藏地/架位号 状态 备注
1 0002337   202375973   密集书库/ [索取号:J642.53/166] 在馆    
2 0002339   202376044   密集书库/ [索取号:J642.53/166] 在馆    
3 0002343   202376071   密集书库/ [索取号:J642.53/166] 在馆    
4 0002344   202376062   密集书库/ [索取号:J642.53/166] 在馆    
5 0002345   202376017   密集书库/ [索取号:J642.53/166] 在馆    
6 0002346   202376008   密集书库/ [索取号:J642.53/166] 在馆    
唐山师范学院图书馆 欢迎您!
大连网信软件有限公司© 版权所有